| 000 | 00528nam a2200145Ia 4500 | ||
|---|---|---|---|
| 008 | 170221s9999 xx 000 0 und d | ||
| 100 | _aAris Tri Haryanto | ||
| 245 | _aMarket Orientation, Learning Orientation and SMES Performance: The Mediating Role of Innovation | ||
| 245 | _cAris Tri Haryanto, Tulus Haryono, Hunik Sri Runing Sawitri | ||
| 260 | _bInternational Review of Management and Marketing | ||
| 260 | _c2016 | ||
| 300 | _a15 : 19 | ||
| 650 | _xMarketing. | ||
| 856 | _uhttp://www.econjournals.com/index.php/irmm | ||
| 999 |
_c311837 _d311837 |
||